000 01518nam a22002657a 4500
003 Uzh_bibl
008 250401b |||||||| |||| 00| 0 ukr d
020 _a966-575-107-7
_c15.28
040 _bукр.
041 _2ukr
_aukr
080 _a726.6(477)
090 _a726.6(477)
_bК 61
100 _aКолосок, Богдан
245 _aРимо-католицькі святині Луцька
_cРед. П. Боброва
_hТекст
260 _aКиїв
_bТехніка
_c2004
300 _a224 с.
_bІл.
490 _aНаціональні святині України
520 _aУ книжці систематизовано відомості про римо-католицькі храми і монастирі Луцька та реконструйовано історію будівництва й архітектури його сакральних пам'яток. Значна частина матеріалу побудована на дослідженнях автором архівних джерел, не використаних раніше іншими аторами, та існуючих об'єктів у натурі.
521 _aДля широкого кола читачів
546 _aукр.
650 _aНауково-популярне видання
653 _aІсторія і архітектура.
_aКляштори і храми.
655 _aРелігія
_vТуристичний путівник
942 _2udc
_cBK
999 _c17425
_d17425